| 000 | 00629nam a2200205Ia 4500 | ||
|---|---|---|---|
| 003 | IN-BaIIA | ||
| 008 | 211028s9999 xx 000 0 eng d | ||
| 020 | _a0-12-325950-9 | ||
| 040 | _cIIA Library | ||
| 080 |
_a535 _bNON |
||
| 245 | 0 |
_aNonlinear optics _cedited by Philip G Harper and Brain S Wherrett |
|
| 260 |
_aLondon _bAcademic Press _c1977 |
||
| 650 |
_aElectromagnetic radiation _92288 |
||
| 650 | _aNASA Thesaurus | ||
| 650 |
_aNonlinear optics _95388 |
||
| 650 | _aOptics | ||
| 700 |
_aHarper, Philip G., ed. _910035 |
||
| 700 |
_aWherrett, Brain S., ed. _910036 |
||
| 942 | _cBK | ||
| 999 |
_c5796 _d5796 |
||